000 02083cam a2200169 4500500
005 20260412000518.0
041 _afre
042 _adc
100 1 0 _aRecoquillon, Charlotte
_eauthor
245 0 0 _aNationalisme blanc, violence et identité : les logiques raciales de la politique migratoire de Trump
260 _c2026.
500 _a20
520 _aCet article explore les tensions entre deux visions concurrentes de l’identité américaine qui apparaissent au travers de la politique migratoire de Donald Trump : la lutte entre un nationalisme blanc autoritaire et un idéal de démocratie multiraciale. Dans ce contexte, Los Angeles et la Californie du Sud sont choisies comme terrain d’analyse de ces tensions, en raison de son caractère à la fois progressiste et profondément marqué par les politiques répressives et les infrastructures du complexe carcéro-industriel. Point culminant de tensions raciales historiques aux États-Unis, la politique migratoire de Trump et les violences qui la caractérisent illustrent donc une bataille idéologique plus large sur l’identité et les valeurs fondamentales de la démocratie américaine.
520 _aThis article explores the tensions between two competing visions of American identity that emerge through Donald Trump’s immigration policy: the struggle between authoritarian white nationalism and the ideal of a multiracial democracy. In this context, Los Angeles and South California prove to be a relevant field of analysis for these tensions, due to its both progressive character and the deep influence of repressive policies and the infrastructures of the prison-industrial complex. Culminating point of historic racial tensions in the United States, Trump’s immigration policy and the violence associated with it thus illustrate a broader ideological battle over American identity and the core values of democracy.
786 0 _nHérodote | 200-201 | 1 | 2026-03-11 | p. 180-204 | 0338-487X
856 4 1 _uhttps://shs.cairn.info/revue-herodote-2026-1-2-page-180?lang=fr&redirect-ssocas=7080
999 _c2210116
_d2210116